000 00521nam a2200169Ia 4500
005 20250424120336.0
008 250424s9999 xx 000 0 und d
022 _a97891425181631
050 _aHC 1000 .W47/
245 0 _aWest african economic review
260 _aNigeria
260 _bBahari publishing Ltd
260 _c2015
300 _a141 p. :ill. ; 29 cm.
650 _a Economic Community of West African States. Investments, American--Africa, West. Africa, West--Economic conditions.
942 _cSR
999 _c38771
_d38771